000 00264nam a2200097Ia 4500
001 798368
005 20250826170826.0
008 250824s9999 xx 000 0 und d
245 0 _aKAFADAN YUMURTA 4. ÇAKMA DEDEKTİF
_cYUSUF ASAL
260 _bUĞUR BÖCEĞİ YAYINLARI
999 _c798368
_d798368